00796nai a2200193Ia 4500003000900000008004100009022002200050022002300072040001600095245006700111260008600178310001100264362003100275521006900306650005800375650004700433650002900480856009300509IN-BaIIA211028c9999 xx s 000 0 eng d a0536-1532 (Print) a2379-6758 (Online) cIIA Library 0aIEEE Transactions on Communication and Electronicsh[eJournal] aNew York, USAbThe Institute of Electrical and Electronics Engineers, Inc. (IEEE) a5/year a82(1); 1963 - 83(75); 1964 bSubscribed through National Knowledge Resource Consortium (NKRC) a Communication, Networking and Broadcast Technologies a Components, Circuits, Devices and Systems aComputing and Processing uhttps://ieeexplore.ieee.org/servlet/opac?punumber=6412854yClick Here to Access eJournal